| 000 | 00452nam a22001457a 4500 | ||
|---|---|---|---|
| 082 | _aP683 | ||
| 100 |
_aBabar Ali NS syn#24 _950969 |
||
| 245 |
_aBuilding information modelling _ba case study of district head quarter hospital mardan |
||
| 260 |
_aRisalpur, _bMCE, _c2016. |
||
| 300 |
_a65p. _bill. _c26cm. |
||
| 526 |
_a0 _b0 _c0 _dP_683_000000000000000 |
||
| 526 |
_a0 _b0 _c0 _dP_683_000000000000000 |
||
| 700 |
_aMaj Dr Rizwan _950970 |
||
| 942 |
_2ddc _cBK |
||
| 999 |
_c553713 _d553713 |
||